| 000 | 00647cam a22002291 4500 | ||
|---|---|---|---|
| 001 | sa 65010261 | ||
| 003 | DLC | ||
| 005 | 20260227112207.0 | ||
| 008 | 781106s1950 pk abc b 001 0 eng | ||
| 010 | _asa 65010261 | ||
| 035 | _a(OCoLC)4347881 | ||
| 040 |
_aDLC _cOOxM _dDLC |
||
| 042 | _apremarc | ||
| 050 | 0 | 0 |
_aDS38 _b.B65 |
| 100 | 1 |
_aBrelvi, Mahmud, _d1908- |
|
| 245 | 1 | 4 | _aThe Muslim neighbours of Pakistan. |
| 260 |
_aLahore, _bRipon Printing Press _c[1950] |
||
| 300 |
_axiv, 276 p. _billus. (part col.) maps (1 fold.) ports. _c22 cm. |
||
| 504 | _aBibliography: p. [xiii]-xiv. | ||
| 651 | 0 | _aIslamic countries. | |
| 650 | 0 | _aMuslims. | |
| 999 |
_c66656 _d66656 |
||